Normal view
MARC view
- Awais Jamil Chaudhary
Entry Personal Name
001 - CONTROL NUMBER
- control field: 50983
003 - CONTROL NUMBER IDENTIFIER
- control field: NUST
005 - DATE AND TIME OF LATEST TRANSACTION
- control field: 20210314134847.0
008 - FIXED-LENGTH DATA ELEMENTS
- fixed length control field: 210314|| aca||aabn | a|a d
040 ## - CATALOGING SOURCE
- Original cataloging agency: NUST
- Transcribing agency: NUST
100 ## - HEADING--PERSONAL NAME
- Personal name: Awais Jamil Chaudhary
670 ## - SOURCE DATA FOUND
- Source citation: Work cat.: (NUST): Waqas Ovais Qureshi syn#15 50982, Locally available admixtures for concrete structures , 2005.
